Standorte mit deutschem Profifußball in 2025/26 - Statistiken

Allgemein
  • Dieses Quiz wurde 106 mal gespielt
  • Das Durchschnittsergebnis liegt bei 38 aus 51
Antwortstatistiken
Ligen Stadt % Korrekt
1. Bundesliga, Frauen Bundesliga, 3. Liga München
99%
1. Bundesliga, 2. Bundesliga, Frauen Bundesliga Berlin
97%
1. Bundesliga, Frauen Bundesliga Bremen
97%
1. Bundesliga (2x), Frauen Bundesliga Hamburg
97%
1. Bundesliga Dortmund
94%
1. Bundesliga, Frauen Bundesliga Frankfurt
94%
1. Bundesliga, Frauen Bundesliga Leipzig
94%
2. Bundesliga Kiel
92%
1. Bundesliga, Frauen Bundesliga, 3. Liga Hoffenheim
91%
1. Bundesliga, Frauen Bundesliga Wolfsburg
91%
1. Bundesliga, Frauen Bundesliga, 3. Liga Köln
90%
1. Bundesliga, Frauen Bundesliga Leverkusen
90%
1. Bundesliga Augsburg
88%
1. Bundesliga, Frauen Bundesliga Freiburg
88%
2. Bundesliga Gelsenkirchen
88%
2. Bundesliga Hannover
88%
Frauen Bundesliga, 2. Bundesliga Nürnberg
87%
1. Bundesliga, 3. Liga Stuttgart
87%
2. Bundesliga Dresden
86%
Frauen Bundesliga, 3. Liga Essen
84%
1. Bundesliga Mainz
84%
2. Bundesliga Bochum
83%
1. Bundesliga Mönchengladbach
83%
2. Bundesliga Düsseldorf
82%
2. Bundesliga Bielefeld
78%
1. Bundesliga Heidenheim
78%
3. Liga Aachen
77%
3. Liga Duisburg
77%
2. Bundesliga Fürth
74%
2. Bundesliga Kaiserslautern
74%
2. Bundesliga Magdeburg
74%
3. Liga Rostock
71%
3. Liga Mannheim
68%
3. Liga Regensburg
68%
3. Liga Ulm
68%
2. Bundesliga Braunschweig
66%
3. Liga Saarbrücken
66%
2. Bundesliga Münster
65%
2. Bundesliga Paderborn
65%
2. Bundesliga Elversberg
64%
2. Bundesliga Karlsruhe
64%
3. Liga Osnabrück
64%
2. Bundesliga Darmstadt
62%
3. Liga Ingolstadt
62%
3. Liga Cottbus
58%
Frauen Bundesliga Jena
57%
3. Liga Wiesbaden
53%
3. Liga Aue
44%
3. Liga Schweinfurt
35%
3. Liga Verl
35%
3. Liga Havelse
26%
Keine übereinstimmenden Quizze gefunden
Verteilung der Resultate
Anzahl Personen mit jedem Resultat
Perzentil nach korrekt beantworteten Fragen
Ihre Resultats-Entwicklung
Sie haben dieses Quiz noch nicht gespielt